<?xml version="1.0" encoding="utf-8"?>
<?xml-stylesheet type='text/xsl' href='./oai2.xsl'?>
<OAI-PMH xmlns="http://www.openarchives.org/OAI/2.0/" xmlns:xsi="http://www.w3.org/2001/XMLSchema-instance" xsi:schemaLocation="http://www.openarchives.org/OAI/2.0/ http://www.openarchives.org/OAI/2.0/OAI-PMH.xsd">
  <responseDate>2026-04-29T07:56:02Z</responseDate>
  <request verb="GetRecord" metadataPrefix="marcxml" identifier="record_kuniweb_2663506">https://kulturerbe.niedersachsen.de/oai</request>
  <GetRecord>
    <record>
      <header>
        <identifier>record_kuniweb_2663506</identifier>
        <datestamp>2026-03-31T19:09:18Z</datestamp>
        <setSpec>slg0175</setSpec>
      </header>
      <metadata>
        <marc:record xmlns:marc="http://www.loc.gov/MARC21/slim" xsi:schemaLocation="http://www.loc.gov/MARC21/slim http://www.loc.gov/standards/marcxml/schema/MARC21slim.xsd">
          <marc:leader>12345nkm  22     uu 4500</marc:leader>
          <marc:controlfield tag="001">2663506</marc:controlfield>
          <marc:controlfield tag="003">http://kuniweb.gbv.de</marc:controlfield>
          <marc:controlfield tag="005">2025-04-29T10:59:04</marc:controlfield>
          <marc:controlfield tag="008">|           ||||||||||||||||||||||</marc:controlfield>
          <marc:datafield tag="245" ind1="1" ind2="0">
            <marc:subfield code="a">Ernst Haeckel (seitliches Portrait)</marc:subfield>
          </marc:datafield>
          <marc:datafield tag="720" ind1=" " ind2=" ">
            <marc:subfield code="a">Rassmann's Buch-&amp; Musikhandlung</marc:subfield>
          </marc:datafield>
          <marc:datafield tag="720" ind1=" " ind2=" ">
            <marc:subfield code="a">Hans Müller-Brauel</marc:subfield>
          </marc:datafield>
          <marc:datafield tag="655" ind1=" " ind2="7">
            <marc:subfield code="a">Fotografie</marc:subfield>
          </marc:datafield>
          <marc:datafield tag="046" ind1=" " ind2=" ">
            <marc:subfield code="k">1895</marc:subfield>
            <marc:subfield code="k">1895 (Aufnahme von Hans Müller-Brauel während der gemeinsamen Reise mit Hermann Allmers nach Süddeutschland 1895)</marc:subfield>
          </marc:datafield>
          <marc:datafield tag="260" ind1=" " ind2=" ">
            <marc:subfield code="g">1895</marc:subfield>
            <marc:subfield code="g">1895 (Aufnahme von Hans Müller-Brauel während der gemeinsamen Reise mit Hermann Allmers nach Süddeutschland 1895)</marc:subfield>
          </marc:datafield>
          <marc:datafield tag="300" ind1=" " ind2=" ">
            <marc:subfield code="a">Höhe: 149 mm (Fotografie)
Breite: 97 mm (Fotografie)
Höhe: 168 mm (Untersatzkarton)
Breite: 107 mm (Untersatzkarton)</marc:subfield>
          </marc:datafield>
          <marc:datafield tag="520" ind1=" " ind2=" ">
            <marc:subfield code="a">Fotografie des Zoologen Ernst Haeckel von Hans Müller-Brauel im Kabinettformat, Aufnahme während der gemeinsamen Reise mit Hermann Allmers nach Süddeutschland 1895 - Zwischenstopp bei Haeckel in Jena (Abzug auf Untersatzkarton im Vertrieb der 1905 gegründeten "Buch- u. Musikalienhandlung" O. Rassmann in Jena); insgesamt zwei verschiedene Aufnahmen von Haeckel am selben Tag im NHA erhalten (6.3.238/239). Weitere Zeugnisse der engen Freundschaft von Allmers und Haeckel im NHA zu finden (u. a. Büste - 6.6.026 - und zahlreiche Bücher und Veröffentlichungen des renommierten Wissenschaftlers) (T. Mahler 04/2025)

Aufschrift:
"Ernst Haeckel" verso o. mittig (Bez. von Axel Behne in Blei auf der Fotografie (verso))

Aufdruck:
"Aufnahme von Hans Müller[-Brauel]/ Vervielfältigungsrecht vorbehalten./ Zeven i. Hannov./ O. Rassmann/ Jena/ Döbereiner'sche/ Buch- u./ Musikalienhandlung" verso (Druck des Verlags der Kabinettkarte)

Literatur in Zusammenhang:
H. Allmers, H. G. Steimer, und A. Behne, „Briefwechsel mit Freunden in der Ferne 1880-1901“, Briefwechsel, Bd. 3, Teilband 2. Edition Temmen, Bremen, 2019. (Vgl. S. 675f.)

Literatur in Zusammenhang:
L. Del Testa, H. Müller-Brauel, und J. J. Roosing, „Fotografien Hans Müller-Brauel ; zum 50. Todestag Hans Müller-Brauels“. Stadt Zeven, Zeven, 1990. (Vgl. S. 112)</marc:subfield>
          </marc:datafield>
          <marc:datafield tag="650" ind1="1" ind2=" ">
            <marc:subfield code="a">Grafik, Fotografie &gt; Fotografie &gt; Fotoabzug</marc:subfield>
          </marc:datafield>
          <marc:datafield tag="773" ind1="0" ind2=" ">
            <marc:subfield code="t">Sammlung und Nachlass Hermann Allmers</marc:subfield>
          </marc:datafield>
          <marc:datafield tag="852" ind1=" " ind2=" ">
            <marc:subfield code="a">Archiv des Landkreises Cuxhaven</marc:subfield>
          </marc:datafield>
          <marc:datafield tag="852" ind1=" " ind2=" ">
            <marc:subfield code="a">Jena</marc:subfield>
          </marc:datafield>
          <marc:datafield tag="" ind1=" " ind2=" ">
            <marc:subfield code="a">Sammlung und Nachlass Hermann Allmers sind Eigentum der Hermann-Allmers-Gesellschaft e. V. und werden in zwei Teilen an zwei Standorten verwahrt:
Die (museale) Sammlung, bestehend aus Mobiliar und Hausgerät, Tafelgemälden, kleineren und größeren Antiken, Gipsabgüssen, kunsthandwerklichen Objekten aus Keramik und Glas und einer kleinen Bibliothek, befindet sich im Allmers-Haus in Rechtenfleth.
Der literarische, grafische und fotografische "Nachlass Hermann Allmers" hingegen ist im Archiv des Landkreises Cuxhaven in Otterndorf deponiert.</marc:subfield>
          </marc:datafield>
          <marc:datafield tag="" ind1=" " ind2=" ">
            <marc:subfield code="a">Namensnennung - Nicht kommerziell - Keine Bearbeitungen 4.0 International (CC BY-NC-ND 4.0)</marc:subfield>
          </marc:datafield>
        </marc:record>
      </metadata>
    </record>
  </GetRecord>
</OAI-PMH>
